Munkások vasárnapja [vasárnapi népszerű előadások]

Elmentve itt :
Bibliográfiai részletek
Dokumentumtípus: Cikk
Megjelent: 1911-01-17
Sorozat:Délmagyarország 2 No. 13
Kulcsszavak:Borosnyay Károly, Verő Leó, Előadás Szeged 1911
Online Access:http://dmarchiv.bibl.u-szeged.hu/41981
LEADER 00467nab a2200145 i 4500
001 delm41981
005 20180927130133.0
008 180927s1911 hu o 0|| hun d
040 |a SZTE Délmagyarország Archívum  |b hun 
041 |a hun 
245 0 0 |a Munkások vasárnapja   |h [elektronikus dokumentum] :  |b [vasárnapi népszerű előadások] 
260 |c 1911-01-17 
300 |a 6 
490 0 |a Délmagyarország  |v 2 No. 13 
695 |a Borosnyay Károly, Verő Leó, Előadás Szeged 1911